| 000 | 00583ntaaa2200193 4500 | ||
|---|---|---|---|
| 003 | 01 | ||
| 005 | 20251027202720.0 | ||
| 008 | 0714s1973 ag 01 | ||
| 040 |
_aAR-BaBN _bspa _cAR-BaBN _eaacr _dRIC |
||
| 082 | _a612.6000 An2 | ||
| 100 |
_aAndress, Lucy W de _926904 |
||
| 245 | _aDe dónde vine, máma? | ||
| 250 | _a1 ed. | ||
| 260 |
_as.l. : _bConsejo Metodista de Educación Cristiana, _cc1952 |
||
| 300 | _a75 p | ||
| 500 | _aUn tratado sobre la educación sexual correcta del niño desde la infancia hasta la adolescencia | ||
| 650 |
_aeducación sexual _93041 |
||
| 942 | _cBK | ||
| 999 |
_c22337 _d22337 |
||